Fundamentos de Filosofía marxista-leninista

保存先:
書誌詳細
第一著者: Konstantin, F.
フォーマット: 図書
言語:Undetermined
出版事項: Moscú, Rusia Editorial Progreso 1962
主題:
タグ: タグ追加
タグなし, このレコードへの初めてのタグを付けませんか!

MARC

LEADER 00000nam a2200000Ia 4500
008 170316s9999 xx 000 0 und d
090 |a 100 K-19f 
100 |a Konstantin, F. 
245 |a Fundamentos de Filosofía marxista-leninista 
260 |a Moscú, Rusia 
260 |b Editorial Progreso 
260 |c 1962 
300 |a 440 páginas 
650 |a FILOSOFÍA 
650 |a POLÍTICA 
999 |c 16644  |d 16644 
040 |a cru BVZT 
942 |c 15 D  |h 100 K-19f  |2 z